Top 10 Countries in Employment - Statistics

General Stats
  • This quiz has been taken 250 times
    204 since last reset
  • The average score is 7 of 10
Answer Stats
Employment Rate % Country % Correct
76.2 Sweden
79%
74.7 Germany
76%
74.4 Norway
76%
75.8 United Kingdom
76%
74.9 Denmark
73%
79.6 Switzerland
69%
75.1 China
63%
74.8 Netherlands
61%
86.3 Iceland
59%
75.6 New Zealand
44%
No matching quizzes found
Score Distribution
Percent of People with Each Score
Percentile by Number Answered
Your Score History
You have not taken this quiz since the last reset